RF and microwave transmitter design (Record no. 588296)

000 -LEADER
fixed length control field 01468cam a22002294a 4500
020 ## - INTERNATIONAL STANDARD BOOK NUMBER
International Standard Book Number 9780470520994 (hardback)
082 00 - DEWEY DECIMAL CLASSIFICATION NUMBER
Classification number 621.384131
100 1# - MAIN ENTRY--PERSONAL NAME
Personal name Grebennikov, Andrei,
Dates associated with a name 1956-
245 10 - TITLE STATEMENT
Title RF and microwave transmitter design
Statement of responsibility, etc. Andrei Grebennikov.
260 ## - PUBLICATION, DISTRIBUTION, ETC.
Place of publication, distribution, etc. New Jersey :
Name of publisher, distributor, etc. Wiley,
Date of publication, distribution, etc. c2011.
300 ## - PHYSICAL DESCRIPTION
Extent xvi, 816 p. :
Other physical details ill. ;
Dimensions 26 cm.
504 ## - BIBLIOGRAPHY, ETC. NOTE
Bibliography, etc. note Includes bibliographical references and index.
650 #0 - SUBJECT ADDED ENTRY--TOPICAL TERM
Topical term or geographic name entry element Radio
650 #0 - SUBJECT ADDED ENTRY--TOPICAL TERM
Topical term or geographic name entry element Microwave circuits.
650 #0 - SUBJECT ADDED ENTRY--TOPICAL TERM
Topical term or geographic name entry element Microwave transmission lines.
942 ## - ADDED ENTRY ELEMENTS (KOHA)
Source of classification or shelving scheme
Koha item type Book
650 #0 - SUBJECT ADDED ENTRY--TOPICAL TERM
-- 90102
650 #0 - SUBJECT ADDED ENTRY--TOPICAL TERM
-- 90103
650 #0 - SUBJECT ADDED ENTRY--TOPICAL TERM
-- 90104
Holdings
Withdrawn status Lost status Source of classification or shelving scheme Damaged status Not for loan Permanent Location Current Location Date acquired Total Checkouts Full call number Barcode Date last seen Price effective from Koha item type
          Central Library (CL) Central Library (CL) 02/25/2022   621.384131 GRE CL-974 06/20/2023 02/25/2022 Book
© 2023 Central Library, National University of Sciences and Technology. All Rights Reserved.